000 00667nam a2200253Ia 4500
003 OSt
005 20220928125516.0
006 a|||||r|||| 00| 0
007 ta
008 220927b |||||||| |||| 00| 0 eng d
024 _a53890
037 _cTextual
040 _aSDCL
_cSDCL
_beng
041 _2eng
_aeng
082 _aX813, P0
100 _aBlack Kenneth
_9465529
245 0 _aLife and health insurance.
250 _a13
260 _aDelhi
_bPearson Education
_c2000
300 _axviii,1054p
_ccm.
700 _a Sipper Harold D
_9469874
942 _hX813, P0
_cTEXL
_2CC
999 _c782615
_d782615